ბათუმის შოთა რუსთაველის სახელმწიფო უნივერსიტეტის ბიბლიოთეკა

ლექსები,პოემები (ბიბ.ჩანაწერი № 42662)

000 -LEADER
fixed length control field 00763nam a2200205Ia 4500
001 - CONTROL NUMBER
control field 9366
003 - CONTROL NUMBER IDENTIFIER
control field GE_BSU
008 - FIXED-LENGTH DATA ELEMENTS--GENERAL INFORMATION
fixed length control field 181216s||||||||xx |||||||||||||| ||und||
040 ## - CATALOGING SOURCE
Transcribing agency GE_BSU
080 ## - UNIVERSAL DECIMAL CLASSIFICATION NUMBER
Universal Decimal Classification number 821.353.1-1+821.353.1-11
100 ## - MAIN ENTRY--PERSONAL NAME
Personal name მალაზონია,ნესტორ
245 ## - TITLE STATEMENT
Title ლექსები,პოემები
245 ## - TITLE STATEMENT
Statement of responsibility, etc. წინასიტყვ. პაიჭაძე ნ. რედ.ალ.ჩავლეიშვილი,მხატვ.მ.ჩარგეიშვილი
260 ## - PUBLICATION, DISTRIBUTION, ETC.
Place of publication, distribution, etc. ბათუმი
260 ## - PUBLICATION, DISTRIBUTION, ETC.
Name of publisher, distributor, etc. აჭარის სახელგამი
260 ## - PUBLICATION, DISTRIBUTION, ETC.
Date of publication, distribution, etc. 1955
300 ## - PHYSICAL DESCRIPTION
Extent 308გვ.1ფ.პორტრ.20სმ.
653 ## - INDEX TERM--UNCONTROLLED
Uncontrolled term ლექსები,პოემები
942 ## - ADDED ENTRY ELEMENTS (KOHA)
Koha item type წიგნი
ეგზემპლარები
Withdrawn status Lost status Damaged status Not for loan Date acquired Barcode Date last seen Price effective from Koha item type Public note
        2018-12-17 32228 2018-12-17 2018-12-17 წიგნი  
        2018-12-17 32229 2018-12-17 2018-12-17 წიგნი  
        2018-12-17 32230 2018-12-17 2018-12-17 წიგნი  
        2018-12-17 32231 2018-12-17 2018-12-17 წიგნი  
        2018-12-17 41361 2018-12-17 2018-12-17 წიგნი აგრარული ტექ.ფაკ.
        2018-12-17 41362 2018-12-17 2018-12-17 წიგნი აგრარული ტექ.ფაკ.
        2018-12-17 41363 2018-12-17 2018-12-17 წიგნი აგრარული ტექ.ფაკ.
        2018-12-17 41364 2018-12-17 2018-12-17 წიგნი აგრარული ტექ.ფაკ.